000 00460nam a22001817a 4500
003 NUST - PNEC
005 20170116180842.0
008 150822b xxu||||| |||| 00| 0 eng d
020 _a0706999355
040 _cLIBRARY
082 _a541.369 RAS
100 _95420
_aRastogi, R. P.
245 _aAn introduction to chemical thermodynamics
_cR.P Rastogi,
250 _a6th ed
260 _cc1995.
650 _95421
_aThermodynamics
_xME
942 _2ddc
_cBK
999 _c64433
_d64433